[Event "Biella Vercelli Province-ch"]
[Site "Biella"]
[Date "2014.03.16"]
[Round "5"]
[White "Pivari, Flavio"]
[Black "Tibaldeschi, Attilio"]
[Result "0-1"]
[WhiteElo "1402"]
[BlackElo "1715"]
[PlyCount "98"]
[EventDate "2014.03.14"]
[EventType "swiss"]
[EventRounds "5"]
[EventCountry "ITA"]
[SourceTitle "EXT 2015"]
[Source "ChessBase"]
[SourceDate "2014.11.20"]
[SourceVersion "1"]
[SourceVersionDate "2014.11.20"]
[SourceQuality "1"]

1. e4 e5 2. Nf3 Nc6 3. Bb5 d6 4. h3 Bd7 5. c3 Be7 6. 0-0 Nf6 7. Qe2 0-0 8. d3 a6 9. Ba4 b5 10. Bc2 Be6 11. Bg5 h6 12. Bxf6 Bxf6 13. Nbd2 b4 14. Ba4 Bd7 15. Bxc6 Bxc6 16. Rfc1 bxc3 17. Rxc3 Bd7 18. Nc4 a5 19. a4 Be6 20. Rac1 c5 21. Na3 Bd7 22. Qc2 Rb8 23. b3 Be7 24. Nc4 f5 25. Ne3 fxe4 26. dxe4 Bxh3 27. gxh3 Rxf3 28. Nf5 Rxc3 29. Nxe7+ Qxe7 30. Qxc3 Rb4 31. Re1 Qf7 32. Re3 Qg6+ 33. Kf1 Qe6 34. Ke2 c4 35. bxc4 Qxc4+ 36. Qxc4+ Rxc4 37. f3 Kf7 38. Rd3 Ke6 39. Ra3 g5 40. Kf2 h5 41. Kg3 d5 42. exd5+ Kxd5 43. Rd3+ Ke6 44. Ra3 h4+ 45. Kf2 Rc2+ 46. Kg1 Kf5 47. Re3 Rc4 48. Re4 Rxe4 49. fxe4+ Kxe4 0-1

[Event "Biella Vercelli Province-ch"]
[Site "Biella"]
[Date "2014.03.16"]
[Round "4"]
[White "Tibaldeschi, Attilio"]
[Black "Bozio, Stefano"]
[Result "1-0"]
[WhiteElo "1715"]
[BlackElo "1542"]
[PlyCount "45"]
[EventDate "2014.03.14"]
[EventType "swiss"]
[EventRounds "5"]
[EventCountry "ITA"]
[SourceTitle "EXT 2015"]
[Source "ChessBase"]
[SourceDate "2014.11.20"]
[SourceVersion "1"]
[SourceVersionDate "2014.11.20"]
[SourceQuality "1"]

1. Nf3 Nc6 2. b3 d5 3. Bb2 Bf5 4. d3 Nf6 5. Nbd2 e6 6. g3 Be7 7. Bg2 Qd7 8. 0-0 0-0-0 9. a3 Rdg8 10. c4 dxc4 11. Nxc4 h5 12. Rc1 Rf8 13. b4 Re8 14. b5 Nd8 15. b6 Kb8 16. bxa7+ Kxa7 17. Qb3 h4 18. Na5 hxg3 19. fxg3 b6 20. Ne5 Bc5+ 21. Rxc5 Qd6 22. Nac6+ Nxc6 23. Nxc6+ 1-0

[Event "Biella Vercelli Province-ch"]
[Site "Biella"]
[Date "2014.03.14"]
[Round "1"]
[White "Negro, Andrea"]
[Black "Tibaldeschi, Attilio"]
[Result "1/2-1/2"]
[WhiteElo "1362"]
[BlackElo "1715"]
[PlyCount "126"]
[EventDate "2014.03.14"]
[EventType "swiss"]
[EventRounds "5"]
[EventCountry "ITA"]
[SourceTitle "EXT 2015"]
[Source "ChessBase"]
[SourceDate "2014.11.20"]
[SourceVersion "1"]
[SourceVersionDate "2014.11.20"]
[SourceQuality "1"]

1. d4 d5 2. c4 Nf6 3. Nf3 e6 4. Bg5 Be7 5. Nc3 0-0 6. e3 c6 7. Bd3 dxc4 8. Bxc4 b5 9. Bd3 Nbd7 10. 0-0 Bb7 11. Rc1 a6 12. Qc2 h6 13. Bh4 Rc8 14. Qd2 c5 15. Rc2 c4 16. Be2 b4 17. Nb1 b3 18. axb3 cxb3 19. Rxc8 Qxc8 20. Rc1 Qa8 21. Rc7 Bd6 22. Rc1 a5 23. Bc4 a4 24. Be2 Nd5 25. Bg3 Bb4 26. Qd3 Rc8 27. Rxc8+ Qxc8 28. Qc4 N7b6 29. Qxc8+ Bxc8 30. Kf1 Bd7 31. Ne5 Be8 32. Bd3 Nc8 33. e4 Nc7 34. Nxf7 Nb5 35. Ne5 Nxd4 36. f3 Nc2 37. Ke2 Na7 38. Kd1 Nb5 39. Bxc2 bxc2+ 40. Kxc2 Nd4+ 41. Kd3 Nb3 42. Kc4 Be7 43. Nd3 Kf7 44. Nb4 Nc1 45. Nc3 g5 46. f4 Kf6 47. Na6 a3 48. bxa3 Bxa3 49. fxg5+ hxg5 50. Nb4 Bxb4 51. Kxb4 Nd3+ 52. Kc4 Nf4 53. Bxf4 gxf4 54. Kd3 Bh5 55. g3 fxg3 56. hxg3 Ke5 57. Ke3 Bg6 58. Kf3 Bh5+ 59. g4 Bg6 60. g5 Bh7 61. Ke3 Bg6 62. Kf3 Bh7 63. Ke3 Bg6 1/2-1/2

[Event "Biella Vercelli Province-ch"]
[Site "Santhia"]
[Date "2013.04.05"]
[Round "4"]
[White "Tibaldeschi, Attilio"]
[Black "Roma, Riccardo"]
[Result "1-0"]
[WhiteElo "1743"]
[BlackElo "1386"]
[PlyCount "73"]
[EventDate "2013.03.08"]
[EventType "swiss"]
[EventRounds "5"]
[EventCountry "ITA"]
[SourceTitle "EXT 2014"]
[Source "ChessBase"]
[SourceDate "2013.11.20"]
[SourceVersion "1"]
[SourceVersionDate "2013.11.20"]
[SourceQuality "1"]

1. Nf3 d5 2. b3 Nc6 3. Bb2 f6 4. e3 e5 5. d3 Bg4 6. Be2 Bd6 7. Nbd2 Nge7 8. 0-0 Ng6 9. h3 Be6 10. Rc1 0-0 11. c4 dxc4 12. Nxc4 Be7 13. a3 b5 14. Ncd2 Qd6 15. b4 f5 16. Qc2 Bd7 17. Nb3 Rab8 18. Nc5 Rb6 19. Nxd7 Qxd7 20. Rfd1 Bd6 21. Ng5 Qe7 22. Qb3+ Kh8 23. Ne6 Qf7 24. Nc5 Qxb3 25. Nxb3 Nce7 26. Bf3 Nh4 27. Be2 e4 28. dxe4 fxe4 29. Nd4 Be5 30. Ba1 Bf6 31. Rxc7 a6 32. Bg4 Nhg6 33. Ne6 Rc8 34. Bxf6 gxf6 35. Rxc8+ Nxc8 36. Rd8+ Nf8 37. Rxf8# 1-0

[Event "Biella Vercelli Province-ch"]
[Site "Santhia"]
[Date "2013.03.22"]
[Round "3"]
[White "Lavino, Stefano"]
[Black "Tibaldeschi, Attilio"]
[Result "1/2-1/2"]
[WhiteElo "1640"]
[BlackElo "1743"]
[PlyCount "100"]
[EventDate "2013.03.08"]
[EventType "swiss"]
[EventRounds "5"]
[EventCountry "ITA"]
[SourceTitle "EXT 2014"]
[Source "ChessBase"]
[SourceDate "2013.11.20"]
[SourceVersion "1"]
[SourceVersionDate "2013.11.20"]
[SourceQuality "1"]

1. d4 d5 2. Bf4 Nf6 3. e3 e6 4. Nf3 Nbd7 5. Bd3 Be7 6. c3 b6 7. Nbd2 Bb7 8. h3 Rc8 9. 0-0 c5 10. Ne5 c4 11. Bc2 0-0 12. a4 a6 13. Ndf3 Nb8 14. Nh2 Nc6 15. Nhg4 Ne4 16. Bxe4 dxe4 17. Nxc6 Bxc6 18. Ne5 Bd5 19. Re1 Bd6 20. Ng4 Bxf4 21. exf4 f6 22. Ne3 Qc7 23. g3 Rfd8 24. Qc2 b5 25. axb5 axb5 26. Nxd5 exd5 27. Ra2 Qf7 28. Qe2 f5 29. Rea1 Qe8 30. Qe1 Ra8 31. Ra7 Rxa7 32. Rxa7 Rb8 33. Ra5 Qd8 34. Qa1 b4 35. h4 bxc3 36. bxc3 h6 37. Qa4 Kh7 38. Ra6 Qg8 39. Qc6 Qf7 40. Rb6 Re8 41. Rb7 Qe6 42. Qc7 Rg8 43. Qe5 Qa6 44. Qxf5+ Kh8 45. Rd7 Qa1+ 46. Kg2 Qxc3 47. Qxd5 Qf3+ 48. Kh2 Qxf2+ 49. Kh3 Qf1+ 50. Kh2 Qf2+ 1/2-1/2

[Event "Biella Vercelli Province-ch"]
[Site "Santhia"]
[Date "2013.03.15"]
[Round "2"]
[White "Loggia, Davide"]
[Black "Tibaldeschi, Attilio"]
[Result "1-0"]
[WhiteElo "1416"]
[BlackElo "1743"]
[PlyCount "85"]
[EventDate "2013.03.08"]
[EventType "swiss"]
[EventRounds "5"]
[EventCountry "ITA"]
[SourceTitle "EXT 2014"]
[Source "ChessBase"]
[SourceDate "2013.11.20"]
[SourceVersion "1"]
[SourceVersionDate "2013.11.20"]
[SourceQuality "1"]

1. e3 e5 2. c4 Nc6 3. Nf3 Nf6 4. g3 Be7 5. Bg2 0-0 6. 0-0 e4 7. Ne1 Ne5 8. d4 Nxc4 9. Nc3 d5 10. f3 Nd6 11. Qc2 Bf5 12. Qf2 Bg6 13. f4 h6 14. Bh3 Bf5 15. g4 Bxg4 16. Bxg4 Nxg4 17. Qg2 Nf6 18. Kh1 Nf5 19. Nc2 c5 20. Rg1 Kh8 21. dxc5 Bxc5 22. b4 Bb6 23. Bb2 Rg8 24. Rad1 Bxe3 25. Rge1 Bxf4 26. Nd4 Nxd4 27. Rxd4 Qb6 28. Nxd5 Nxd5 29. Rxd5 Qxb4 30. Rxe4 Qb6 31. Rxf4 Rae8 32. Bd4 Re1+ 33. Rf1 Qe6 34. Rdf5 b6 35. Rxf7 Rxf1+ 36. Rxf1 Kh7 37. Qc2+ Kh8 38. Qg2 Kh7 39. Rg1 Qd7 40. Qe4+ Kh8 41. Rg6 Qh3 42. Qf4 Kh7 43. Qf7 1-0

[Event "Biella Vercelli Province-ch"]
[Site "Santhia"]
[Date "2013.03.08"]
[Round "1"]
[White "Tibaldeschi, Attilio"]
[Black "Ubezio, Marco"]
[Result "0-1"]
[WhiteElo "1743"]
[BlackElo "2144"]
[PlyCount "94"]
[EventDate "2013.03.08"]
[EventType "swiss"]
[EventRounds "5"]
[EventCountry "ITA"]
[SourceTitle "EXT 2014"]
[Source "ChessBase"]
[SourceDate "2013.11.20"]
[SourceVersion "1"]
[SourceVersionDate "2013.11.20"]
[SourceQuality "1"]

1. Nf3 Nc6 2. b3 e5 3. d3 Nf6 4. Bb2 Bc5 5. Nbd2 d5 6. e3 Qe7 7. Be2 0-0 8. a3 a5 9. 0-0 Re8 10. c3 e4 11. Nd4 Ne5 12. dxe4 dxe4 13. b4 Ba7 14. b5 Bc5 15. a4 Bd6 16. Qc2 Neg4 17. h3 Qe5 18. N4f3 exf3 19. Nxf3 Nxe3 20. fxe3 Qxe3+ 21. Rf2 Ne4 22. Raf1 Bg3 23. Bd3 Bxf2+ 24. Rxf2 Qxf2+ 25. Qxf2 Nxf2 26. Kxf2 Be6 27. c4 Rad8 28. Be2 Bf5 29. Nd4 Re4 30. Nxf5 Rf4+ 31. Kg3 Rxf5 32. Bc1 Rd4 33. Bg4 Rf1 34. Bb2 Rd3+ 35. Bf3 g5 36. Be5 Rc1 37. Bxc7 Rxc4 38. Bxa5 Rxa4 39. Bc7 Rb4 40. b6 h5 41. Kh2 Rxf3 42. gxf3 Kh7 43. Kg3 Kg6 44. h4 Rxh4 45. f4 Rxf4 46. Bxf4 gxf4+ 47. Kxf4 f5 0-1

[Event "ITA-ch Amateur C"]
[Site "Civitanova Marche"]
[Date "2012.07.17"]
[Round "3"]
[White "Maggiore, Francesco"]
[Black "Tibaldeschi, Attilio"]
[Result "1-0"]
[WhiteElo "1778"]
[BlackElo "1717"]
[PlyCount "75"]
[EventDate "2012.07.15"]
[EventType "swiss"]
[EventRounds "8"]
[EventCountry "ITA"]
[SourceTitle "EXT 2024"]
[Source "ChessBase"]
[SourceDate "2023.10.10"]
[SourceVersion "1"]
[SourceVersionDate "2023.10.10"]
[SourceQuality "1"]

1. d4 d5 2. c4 e6 3. e3 Nf6 4. Nf3 Nbd7 5. Nc3 c6 6. Bd3 Be7 7. Qc2 h6 8. 0-0 dxc4 9. Bxc4 b5 10. Bd3 Bb7 11. e4 a6 12. Be3 Rc8 13. Rfd1 0-0 14. h3 Qc7 15. Qd2 Nh7 16. e5 Rfd8 17. Ne4 Ndf8 18. Rac1 Rd7 19. b4 Qd8 20. Nc5 Bxc5 21. Rxc5 Qe7 22. Qc2 Ng5 23. Bxg5 hxg5 24. Be4 Rdc7 25. Qd2 f6 26. exf6 gxf6 27. Qe3 Kg7 28. Re1 Nd7 29. Rc3 Nb6 30. h4 Nd5 31. Bxd5 cxd5 32. Rxc7 Rxc7 33. hxg5 Bc8 34. gxf6+ Qxf6 35. Ne5 Kf8 36. Rc1 Rxc1+ 37. Qxc1 Qd8 38. Qh6+ 1-0

[Event "Piemont Province-ch"]
[Site "Santhia"]
[Date "2011.04.08"]
[Round "5"]
[White "Squara, Marco"]
[Black "Tibaldeschi, Attilio"]
[Result "1-0"]
[WhiteElo "1810"]
[BlackElo "1726"]
[PlyCount "111"]
[EventDate "2011.03.04"]
[EventType "swiss"]
[EventRounds "6"]
[EventCountry "ITA"]
[SourceTitle "EXT 2024"]
[Source "ChessBase"]
[SourceDate "2023.10.10"]
[SourceVersion "1"]
[SourceVersionDate "2023.10.10"]
[SourceQuality "1"]

1. d4 d5 2. c4 e6 3. Nc3 Nf6 4. Bg5 Be7 5. Nf3 c6 6. e3 Nbd7 7. Bd3 dxc4 8. Bxc4 h6 9. Bh4 Nd5 10. Bxe7 Qxe7 11. Be2 0-0 12. 0-0 b5 13. Rc1 Bb7 14. Ne4 Rac8 15. Nc5 Ba8 16. Qd2 N5f6 17. Nxd7 Nxd7 18. b4 a6 19. Qb2 Rfe8 20. Rc2 Nf6 21. Rfc1 Nd5 22. a3 f6 23. Nd2 Qd8 24. Nb3 f5 25. Nc5 a5 26. bxa5 Qxa5 27. Nd3 g5 28. h3 Qc7 29. Ne5 Qd6 30. Qb3 Rc7 31. Rc5 Kg7 32. Qd1 Rf8 33. Bd3 b4 34. axb4 Nxb4 35. Bb1 Nd5 36. Qh5 Rf6 37. Qe8 Ra7 38. R1c2 Ra3 39. Rb2 Nc7 40. Qh5 Nb5 41. Rbc2 Ra6 42. Rc1 Ra1 43. Bd3 Rxc1+ 44. Rxc1 Nxd4 45. exd4 Qxd4 46. Qe2 c5 47. Rb1 Qd5 48. f3 Qd4+ 49. Kf1 Bd5 50. Re1 Rf8 51. Qc2 h5 52. Qb1 c4 53. Qb4 Rc8 54. Qe7+ Kh8 55. Qf6+ Kh7 56. Qg6+ 1-0

[Event "Piemont Province-ch"]
[Site "Santhia"]
[Date "2011.03.18"]
[Round "3"]
[White "Tibaldeschi, Attilio"]
[Black "Scarrone, Alberto"]
[Result "0-1"]
[WhiteElo "1726"]
[BlackElo "1811"]
[PlyCount "88"]
[EventDate "2011.03.04"]
[EventType "swiss"]
[EventRounds "6"]
[EventCountry "ITA"]
[SourceTitle "EXT 2024"]
[Source "ChessBase"]
[SourceDate "2023.10.10"]
[SourceVersion "1"]
[SourceVersionDate "2023.10.10"]
[SourceQuality "1"]

1. Nf3 d5 2. b3 c5 3. Bb2 f6 4. e3 e5 5. d3 Nc6 6. Nbd2 Bd6 7. Be2 Nge7 8. e4 0-0 9. c3 Be6 10. 0-0 d4 11. a3 Ng6 12. cxd4 Nxd4 13. Nxd4 cxd4 14. Nc4 Rc8 15. a4 Bb4 16. Bc1 Qe7 17. f4 exf4 18. Bxf4 Nxf4 19. Rxf4 Bc3 20. Ra2 Rc5 21. Bg4 f5 22. exf5 Bxc4 23. bxc4 Qe3+ 24. Rff2 Be1 25. Rae2 Bxf2+ 26. Rxf2 Re5 27. Kf1 Rfe8 28. g3 Qg5 29. Kg2 Re1 30. Qf3 Qe3 31. Qxb7 Qxd3 32. Qd5+ Kh8 33. Qf7 R1e7 34. Qd5 Re5 35. Qf7 R5e7 36. Qd5 Qe4+ 37. Bf3 Qe3 38. Re2 Qg5 39. Rxe7 Qxe7 40. Qxd4 h6 41. c5 Rd8 42. Qc3 Qg5 43. Qa5 Rd2+ 44. Kg1 Qe3+ 0-1

[Event "Piemont Province-ch"]
[Site "Santhia"]
[Date "2011.03.11"]
[Round "2"]
[White "Tibaldeschi, Attilio"]
[Black "Zannoni, Gianni"]
[Result "1-0"]
[WhiteElo "1726"]
[BlackElo "1815"]
[PlyCount "89"]
[EventDate "2011.03.04"]
[EventType "swiss"]
[EventRounds "6"]
[EventCountry "ITA"]
[SourceTitle "EXT 2024"]
[Source "ChessBase"]
[SourceDate "2023.10.10"]
[SourceVersion "1"]
[SourceVersionDate "2023.10.10"]
[SourceQuality "1"]

1. Nf3 Nf6 2. b3 g6 3. Bb2 Bg7 4. e3 0-0 5. Be2 d6 6. 0-0 c5 7. d4 b6 8. Nbd2 Bb7 9. c4 e6 10. Rc1 Nbd7 11. a3 Ne4 12. Rc2 Ndf6 13. h3 Rc8 14. Bd3 cxd4 15. exd4 Nxd2 16. Nxd2 Nh5 17. Be4 d5 18. Bf3 Nf4 19. Kh2 Qc7 20. g3 Nd3 21. Bc3 e5 22. dxe5 Nxe5 23. Be2 Qd6 24. Bb4 Qc6 25. Bxf8 dxc4 26. Rg1 Bxf8 27. Nxc4 b5 28. Ne3 Qe6 29. Rxc8 Bxc8 30. g4 Bxa3 31. Qd5 Qf6 32. Rf1 Bd7 33. f4 Bc6 34. Qxe5 Qd8 35. Qc3 Qd6 36. Kg3 Bb4 37. Qd3 Qb8 38. Bf3 Bxf3 39. Rxf3 g5 40. Qf5 gxf4+ 41. Rxf4 Be1+ 42. Kf3 Qb7+ 43. Nd5 Bd2 44. Re4 Qb8 45. Re8+ 1-0

[Event "ITA-ch Seniors 32nd"]
[Site "Arvier"]
[Date "2010.04.27"]
[Round "9"]
[White "Tibaldeschi, Attilio"]
[Black "Beltrami, Nerio"]
[Result "0-1"]
[WhiteElo "1750"]
[BlackElo "2027"]
[PlyCount "50"]
[EventDate "2010.04.18"]
[EventType "swiss"]
[EventRounds "9"]
[EventCountry "ITA"]
[SourceTitle "EXT 2024"]
[Source "ChessBase"]
[SourceDate "2023.10.10"]
[SourceVersion "1"]
[SourceVersionDate "2023.10.10"]
[SourceQuality "1"]

1. Nf3 g6 2. Nc3 Bg7 3. e3 e5 4. d3 Ne7 5. e4 0-0 6. Be2 Nbc6 7. b3 d6 8. Bb2 a6 9. 0-0 f5 10. h3 f4 11. Rc1 Bf6 12. a3 g5 13. Nh2 Nd4 14. Bg4 c6 15. Ne2 Ne6 16. d4 Ng6 17. d5 Nc5 18. Bf3 Nh4 19. Ng4 Nxf3+ 20. gxf3 Bg7 21. b4 Na4 22. Ba1 h5 23. c4 hxg4 24. Qxa4 gxf3 25. Nc3 Qd7 0-1

[Event "ITA-ch Seniors 32nd"]
[Site "Arvier"]
[Date "2010.04.26"]
[Round "8"]
[White "Chiapponi, Paola"]
[Black "Tibaldeschi, Attilio"]
[Result "0-1"]
[WhiteElo "1735"]
[BlackElo "1750"]
[PlyCount "82"]
[EventDate "2010.04.18"]
[EventType "swiss"]
[EventRounds "9"]
[EventCountry "ITA"]
[SourceTitle "EXT 2024"]
[Source "ChessBase"]
[SourceDate "2023.10.10"]
[SourceVersion "1"]
[SourceVersionDate "2023.10.10"]
[SourceQuality "1"]

1. d4 d5 2. Nf3 e6 3. e3 Nf6 4. Be2 Be7 5. 0-0 Nbd7 6. c4 c6 7. a3 dxc4 8. Bxc4 b5 9. Be2 Bb7 10. Nc3 a6 11. b4 Rc8 12. Bb2 0-0 13. Rc1 h6 14. Nd2 a5 15. Qb3 axb4 16. axb4 Nb6 17. Nde4 Nbd5 18. Nc5 Ba8 19. Ra1 Bd6 20. Ra7 Bb8 21. Ra2 Nd7 22. Rfa1 Nxc5 23. bxc5 Bb7 24. Nxd5 exd5 25. Bf3 Re8 26. Bc3 Qf6 27. Qc2 Rc7 28. e4 dxe4 29. d5 Qg5 30. d6 exf3 31. g3 Qg4 32. Qd1 Rd7 33. Rd2 h5 34. Rd3 b4 35. Bd4 Bxd6 36. Qb3 Bf8 37. Qxb4 Ba6 38. Rxa6 Rxd4 39. Rxd4 Qxd4 40. Qb1 Bxc5 41. Qf1 Bb4 0-1

[Event "Biella Province-ch"]
[Site "Valle Mosso"]
[Date "2010.04.23"]
[Round "6"]
[White "Siclari, Alberto"]
[Black "Tibaldeschi, Attilio"]
[Result "0-1"]
[WhiteElo "1461"]
[BlackElo "1750"]
[PlyCount "104"]
[EventDate "2010.03.12"]
[EventType "k.o."]
[EventRounds "6"]
[EventCountry "ITA"]
[SourceTitle "EXT 2024"]
[Source "ChessBase"]
[SourceDate "2023.10.10"]
[SourceVersion "1"]
[SourceVersionDate "2023.10.10"]
[SourceQuality "1"]

1. f4 g6 2. Nf3 Bg7 3. g3 Nf6 4. Bg2 d6 5. c3 Nc6 6. d3 0-0 7. 0-0 Bd7 8. e4 Rb8 9. Be3 b6 10. Nbd2 Ng4 11. Bf2 e5 12. fxe5 dxe5 13. Nc4 Be6 14. Ne3 Ne7 15. Nxg4 Bxg4 16. h3 Be6 17. Ng5 Bc8 18. Qe2 c5 19. Rad1 Nc6 20. Be3 Ba6 21. Nf3 Qc7 22. Rd2 Rbd8 23. h4 h6 24. h5 Qd6 25. c4 Nd4 26. Bxd4 cxd4 27. Nh4 Bc8 28. Qf3 g5 29. Nf5 Bxf5 30. Qxf5 b5 31. b3 bxc4 32. bxc4 Qb4 33. Qf2 Rb8 34. Rfd1 Rb6 35. Bh3 Rfb8 36. Rc2 Qc5 37. Rdd2 a5 38. Rb2 a4 39. Bd7 a3 40. Rxb6 Rxb6 41. Bb5 Bf8 42. Kh2 Kg7 43. Qg2 Qe7 44. g4 Rf6 45. Rf2 Rf4 46. Rxf4 gxf4 47. Ba4 Qh4+ 48. Qh3 Qf2+ 49. Qg2 Qe3 50. Bc2 f6 51. Qg1 Qe2+ 52. Qg2 f3 0-1

[Event "ITA-ch Seniors 32nd"]
[Site "Arvier"]
[Date "2010.04.23"]
[Round "6"]
[White "Tibaldeschi, Attilio"]
[Black "Piazza, Giacomo"]
[Result "0-1"]
[WhiteElo "1750"]
[BlackElo "1634"]
[PlyCount "40"]
[EventDate "2010.04.18"]
[EventType "swiss"]
[EventRounds "9"]
[EventCountry "ITA"]
[SourceTitle "EXT 2024"]
[Source "ChessBase"]
[SourceDate "2023.10.10"]
[SourceVersion "1"]
[SourceVersionDate "2023.10.10"]
[SourceQuality "1"]

1. Nf3 g6 2. Nc3 Bg7 3. b3 Nf6 4. Bb2 d5 5. e3 0-0 6. Be2 c5 7. 0-0 a6 8. d4 b6 9. a4 Nc6 10. dxc5 bxc5 11. Na2 Qc7 12. Rc1 Rd8 13. Qe1 a5 14. Nc3 Nb4 15. Nb5 Qb8 16. c4 Bf5 17. Be5 Qb7 18. Nh4 Nd3 19. Qc3 Nxc1 20. Nxf5 Nxe2+ 0-1

[Event "Biella Province-ch"]
[Site "Valle Mosso"]
[Date "2010.04.09"]
[Round "4"]
[White "Squara, Marco"]
[Black "Tibaldeschi, Attilio"]
[Result "0-1"]
[WhiteElo "1824"]
[BlackElo "1750"]
[PlyCount "90"]
[EventDate "2010.03.12"]
[EventType "k.o."]
[EventRounds "6"]
[EventCountry "ITA"]
[SourceTitle "EXT 2024"]
[Source "ChessBase"]
[SourceDate "2023.10.10"]
[SourceVersion "1"]
[SourceVersionDate "2023.10.10"]
[SourceQuality "1"]

1. d4 d5 2. c4 e6 3. cxd5 exd5 4. Nc3 Nf6 5. Bg5 Be7 6. e3 0-0 7. Bd3 c6 8. Bxf6 Bxf6 9. Qc2 g6 10. Nge2 Qe7 11. 0-0 Nd7 12. a3 b6 13. b4 Bb7 14. Rab1 Rac8 15. Qd2 Bg5 16. f4 Bh6 17. Ng3 Rce8 18. Rbe1 Qf6 19. Nd1 c5 20. dxc5 bxc5 21. bxc5 Nxc5 22. Bc2 Ne4 23. Nxe4 dxe4 24. Qb4 Qc6 25. Ba4 Qd5 26. Bxe8 Rxe8 27. Nc3 Qc6 28. Rc1 Bf8 29. Qb3 Qa6 30. a4 Bc5 31. Nd1 Bb6 32. Rf2 Qa5 33. h3 Ba6 34. Nb2 Bd3 35. Nd1 Qe1+ 36. Kh2 Bxe3 37. Rc7 Rf8 38. Nxe3 Qxf2 39. Nd5 Qd4 40. Qb7 e3 41. Rd7 Kg7 42. f5 Bxf5 43. Ne7 Qf4+ 44. Kh1 Bxd7 45. Qxd7 e2 0-1